000
00280nam a22001217a 4500
041
_a
ENG
100
_a
Tyra .M
245
_a
Magical Book Quicker Maths
260
_a
Delhi
_b
BSc Pub Co.Pvt
_c
1995
300
_a
807
650
_a
Competitlve Exam
856
_u
Competitlve Exam ( 36 )
999
_c
903
_d
903